Chronicles of a faith life (Record no. 14135)

000 -LEADER
fixed length control field 00681nam a2200217 a 4500
001 - CONTROL NUMBER
control field :::00011959$&:&@@
003 - CONTROL NUMBER IDENTIFIER
control field OkBaRHE
005 - DATE AND TIME OF LATEST TRANSACTION
control field 20000607103414.0
008 - FIXED-LENGTH DATA ELEMENTS--GENERAL INFORMATION
fixed length control field j 000 0 eng u
040 ## - CATALOGING SOURCE
Transcribing agency
100 1# - MAIN ENTRY--PERSONAL NAME
Personal name Baker, Elizabeth V.
245 10 - TITLE STATEMENT
Title Chronicles of a faith life
Statement of responsibility, etc Elizabeth V. Baker and co-workers.
260 ## - PUBLICATION, DISTRIBUTION, ETC. (IMPRINT)
Place of publication, distribution, etc [s.l.]:
Date of publication, distribution, etc nd
300 ## - PHYSICAL DESCRIPTION
Extent 270 p., ;
Dimensions 22 cm.
490 0# - SERIES STATEMENT
Series statement The Higher Christian life
650 ## - SUBJECT ADDED ENTRY--TOPICAL TERM
Topical term or geographic name as entry element Baker, Elizabeth V.
650 ## - SUBJECT ADDED ENTRY--TOPICAL TERM
Topical term or geographic name as entry element Pentecostalism.
650 ## - SUBJECT ADDED ENTRY--TOPICAL TERM
Topical term or geographic name as entry element Pentecostals
General subdivision United States
-- Biography.
942 ## - ADDED ENTRY ELEMENTS (KOHA)
Source of classification or shelving scheme
Koha item type Books
Copies
Full call number Damaged status Koha item type Permanent Location Barcode Not for loan Shelving location Date acquired Date last seen Source of classification or shelving scheme Copy number Withdrawn status Price effective from Lost status
BX 8762 .Z8B35 BooksRHEMA Bible Training College11959 General Stacks2010-04-142010-04-14 1 2010-04-14